| 000 -LEADER |
| fixed length control field |
01545cam a22003734a 4500 |
| 001 - CONTROL NUMBER |
| control field |
12838524 |
| 003 - CONTROL NUMBER IDENTIFIER |
| control field |
NUST |
| 005 - DATE AND TIME OF LATEST TRANSACTION |
| control field |
20191018154746.0 |
| 008 - FIXED-LENGTH DATA ELEMENTS--GENERAL INFORMATION |
| fixed length control field |
020701s2003 enkab b 001 0 eng |
| 010 ## - LIBRARY OF CONGRESS CONTROL NUMBER |
| LC control number |
2002026841 |
| 020 ## - INTERNATIONAL STANDARD BOOK NUMBER |
| International Standard Book Number |
0415274486 |
| 020 ## - INTERNATIONAL STANDARD BOOK NUMBER |
| International Standard Book Number |
0415274494 (pbk.) |
| 038 ## - RECORD CONTENT LICENSOR |
| Staff Name |
MSOHAIL |
| 040 ## - CATALOGING SOURCE |
| Original cataloging agency |
DLC |
| Transcribing agency |
DLC |
| Modifying agency |
DLC |
| 042 ## - AUTHENTICATION CODE |
| Authentication code |
pcc |
| 043 ## - GEOGRAPHIC AREA CODE |
| Geographic area code |
e------ |
| 050 00 - LIBRARY OF CONGRESS CALL NUMBER |
| Classification number |
JS3000 |
| Item number |
.M46 2003 |
| 082 00 - DEWEY DECIMAL CLASSIFICATION NUMBER |
| Classification number |
320.85094 |
| Edition number |
21 |
| 245 00 - TITLE STATEMENT |
| Title |
Metropolitan governance and spatial planning : |
| Remainder of title |
comparative case studies of European city-regions / |
| Statement of responsibility, etc. |
edited by Willem Salet, Andy Thornley, and Anton Kreukels. |
| 260 ## - PUBLICATION, DISTRIBUTION, ETC. |
| Place of publication, distribution, etc. |
London ; |
| -- |
New York : |
| Name of publisher, distributor, etc. |
Spon Press, |
| Date of publication, distribution, etc. |
2003. |
| 300 ## - PHYSICAL DESCRIPTION |
| Extent |
xiv, 406 p. : |
| Other physical details |
ill., maps ; |
| Dimensions |
24 cm. |
| 504 ## - BIBLIOGRAPHY, ETC. NOTE |
| Bibliography, etc. note |
Includes bibliographical references and index. |
| 650 #0 - SUBJECT ADDED ENTRY--TOPICAL TERM |
| Topical term or geographic name entry element |
Metropolitan government |
| Geographic subdivision |
Europe |
| Form subdivision |
Case studies. |
| 9 (RLIN) |
24422 |
| 650 #0 - SUBJECT ADDED ENTRY--TOPICAL TERM |
| Topical term or geographic name entry element |
Regional planning |
| Geographic subdivision |
Europe |
| Form subdivision |
Case studies. |
| 9 (RLIN) |
24423 |
| 700 1# - ADDED ENTRY--PERSONAL NAME |
| Personal name |
Salet, W. G. M. |
| 9 (RLIN) |
24424 |
| 700 1# - ADDED ENTRY--PERSONAL NAME |
| Personal name |
Thornley, Andy. |
| 9 (RLIN) |
24425 |
| 700 1# - ADDED ENTRY--PERSONAL NAME |
| Personal name |
Kreukels, Anton. |
| 9 (RLIN) |
24426 |
| 856 41 - ELECTRONIC LOCATION AND ACCESS |
| Materials specified |
Table of contents only |
| Uniform Resource Identifier |
<a href="http://www.loc.gov/catdir/toc/fy0605/2002026841.html">http://www.loc.gov/catdir/toc/fy0605/2002026841.html</a> |
| 856 42 - ELECTRONIC LOCATION AND ACCESS |
| Materials specified |
Publisher description |
| Uniform Resource Identifier |
<a href="http://www.loc.gov/catdir/enhancements/fy0650/2002026841-d.html">http://www.loc.gov/catdir/enhancements/fy0650/2002026841-d.html</a> |
| 856 42 - ELECTRONIC LOCATION AND ACCESS |
| Materials specified |
Contributor biographical information |
| Uniform Resource Identifier |
<a href="http://www.loc.gov/catdir/enhancements/fy1113/2002026841-b.html">http://www.loc.gov/catdir/enhancements/fy1113/2002026841-b.html</a> |
| 906 ## - LOCAL DATA ELEMENT F, LDF (RLIN) |
| a |
7 |
| b |
cbc |
| c |
orignew |
| d |
1 |
| e |
ocip |
| f |
20 |
| g |
y-gencatlg |
| 942 ## - ADDED ENTRY ELEMENTS (KOHA) |
| Source of classification or shelving scheme |
|
| Koha item type |
Book |